Road infrastructure getting smarter (Record no. 523927)

000 -LEADER
fixed length control field 00676nam a22001457a 4500
008 - FIXED-LENGTH DATA ELEMENTS--GENERAL INFORMATION
fixed length control field 231016b ||||| |||| 00| 0 eng d
100 ## - MAIN ENTRY--PERSONAL NAME
Personal name Raghuram, G.
245 ## - TITLE STATEMENT
Title Road infrastructure getting smarter
260 ## - PUBLICATION, DISTRIBUTION, ETC. (IMPRINT)
Place of publication, distribution, etc Yojana
300 ## - PHYSICAL DESCRIPTION
Extent 67(10), Oct, 2023: p.17-20
520 ## - SUMMARY, ETC.
Summary, etc Roads, both in number and quality, have been an important driver for economic development and social inclusion. In the recent three decades, the emphasis has been more on quality, leading to better speeds and all-weather connectivity. Various organizational innovations and technologies have enabled this. – Reproduced
773 ## - HOST ITEM ENTRY
Main entry heading Yojana
906 ## - LOCAL DATA ELEMENT F, LDF (RLIN)
Subject DIP TRANSPORT
942 ## - ADDED ENTRY ELEMENTS (KOHA)
Item type Articles
Holdings
Withdrawn status Lost status Source of classification or shelving scheme Damaged status Not for loan Permanent location Current location Date acquired Serial Enumeration / chronology Barcode Date last seen Koha item type
          Indian Institute of Public Administration Indian Institute of Public Administration 2023-10-16 67(10), Oct, 2023: p.17-20 AR129812 2023-10-16 Articles

Powered by Koha